000 00465nam a2200169Ia 4500
003 GCL
008 140319s9999 xx 000 0 eng d
040 _aGCL /
_cGCL
082 0 4 _a621.319
_bS W
100 1 _aSCADDAN, BRIAN
245 1 0 _aWIRING SYSTEMS AND FAULT FINDING FOR INSTALLATION ELECTRICIANS /
_cSCADDAN, BRIAN
260 _a[S.N] :
_bNEWNES ،
_c1992
300 _a96 P
650 0 4 _aWIRING SYSTEMS
650 0 4 _aTESTING INSTRUMENTS
942 _2ddc
_cBK
999 _c21357
_d21357